[Event "RUS-chT Premier 2019"]
[Site "Sochi"]
[Date "2019.05.08"]
[Round "7.8"]
[White "Dreev, Aleksey"]
[Black "Kamsky, Gata"]
[Result "1/2-1/2"]
[WhiteElo "2662"]
[BlackElo "2664"]
[Annotator "TA"]
[PlyCount "80"]
[EventDate "2019.04.30"]
[EventType "team-tourn"]
[EventCountry "RUS"]
[SourceTitle "playchess.com"]
[Source "ChessBase"]
[SourceQuality "1"]

{[%evp 15,80,0,0,0,0,-16,0,0,0,0,0,0,0,0,0,-14,-27,-27,-33,-33,-11,-63,-57,-53,-37,-31,-31,-31,-32,-35,-33,-37,-31,-41,-37,-48,-46,-54,-52,-52,-52,-52,-53,-72,0,0,0,0,0,0,0,0,0,0,0,0,0,0,0,-6,-2,-7,0,0,0,-12,0]} 1. d4 Nf6 2. Nf3 g6 3. g3 d5 4. Bg2 Bg7 5. O-O O-O 6. c4 c6 7. Qb3 Qb6 8. Nc3 Rd8 9. Rd1 {D78: Fianchetto Grünfeld: 6 0-0 c6} (9. Bd2 dxc4 10. Qxc4 Be6 11. Qa4 Bf5 12. Rfe1 Ne4 13. Nxe4 Bxe4 14. Ba5 Qa6 15. Qa3 Re8 16. Bf1 c5 17. dxc5 Bxb2 {½-½ (17) Ding,L (2813)-Nepomniachtchi,I (2763) Wijk aan Zee 2019}) 9... Bf5 10. Ne1 {[%cal Rc4d5]} dxc4 11. Qxc4 Na6 {[%cal Bb8a6,Ba6b4,Bb4c2][%mdl 32]} 12. e4 Be6 13. Qa4 {[#]} Ne8 $146 {[%cal Rg7d4]} ({Predecessor:} 13... Qb4 14. Nc2 Qxa4 15. Nxa4 Rd7 16. Be3 Rad8 {½-½ (55) Dreev,A (2652)-Kamsky,G (2676) Bastia 2017}) 14. Nf3 Bg4 15. e5 Qb4 16. Qxb4 Nxb4 17. Be3 f6 18. h3 (18. exf6 $11 exf6 19. d5) 18... Bxf3 $15 19. Bxf3 Nc2 20. Rac1 Nxe3 21. fxe3 fxe5 {[#] White must now prevent ...Bh6.} 22. d5 c5 23. Ne4 Bh6 24. Kf2 b6 25. b4 cxb4 26. d6 exd6 27. Nxd6 Nxd6 28. Bxa8 Rf8+ $1 29. Ke2 {[#]} Nb5 (29... Nf5 $1 $17 {[%cal Rf5g3]} 30. Bd5+ Kh8) 30. Bd5+ $11 {The position is equal.} Kh8 31. Rd3 Nc3+ 32. Rdxc3 bxc3 33. Rxc3 {[%mdl 4096] Endgame KRB-KRB} Rd8 34. Be6 e4 35. Rc8 Rxc8 36. Bxc8 Bf8 37. Bb7 Kg7 38. Bxe4 Kf6 39. Bd3 Bd6 40. g4 h5 {Accuracy: White = 66%, Black = 74%.} 1/2-1/2

[Event "RUS-chT Premier 2019"]
[Site "Sochi"]
[Date "2019.05.08"]
[Round "7.9"]
[White "Timofeev, Artyom"]
[Black "Zvjaginsev, Vadim"]
[Result "1/2-1/2"]
[WhiteElo "2602"]
[BlackElo "2635"]
[Annotator "TA"]
[PlyCount "81"]
[EventDate "2019.04.30"]
[EventType "team-tourn"]
[EventCountry "RUS"]
[SourceTitle "playchess.com"]
[Source "ChessBase"]
[SourceQuality "1"]

{[%evp 12,81,27,20,25,25,28,28,22,31,26,0,4,-4,18,14,32,26,40,34,32,30,36,39,39,22,19,0,0,0,0,0,21,0,3,0,24,3,3,0,1,4,1,6,6,7,5,-7,0,0,0,-1,21,21,20,20,21,21,21,21,21,21,21,21,38,38,56,56,56,56,56,56]} 1. e4 e6 2. d4 d5 3. Nd2 c5 4. Ngf3 Nc6 5. exd5 exd5 6. Bb5 Qe7+ 7. Be2 Qc7 {C09: French Tarrasch: 3...c5 4 exd5 exd5 5 Ngf3 Nc6} 8. O-O Nf6 9. Re1 cxd4 {White has an edge.} 10. Bb5+ (10. Nb3 Bb4 11. Bd2 Bxd2 12. Qxd2 O-O 13. Nfxd4 Bd7 14. Nxc6 bxc6 15. c4 {½-½ (110) Oleksienko,M (2598)-Zvjaginsev,V (2641) Qinhuangdao 2019}) 10... Be7 $1 11. Nxd4 O-O 12. N2f3 Nxd4 $146 ({Predecessor:} 12... Bg4 13. Be2 Bc5 14. c3 Bxf3 15. Bxf3 Bxd4 16. cxd4 {1-0 (39) Gomez Garrido,C (2519)-Hernando Rodrigo,J (2383) Sitges 2015}) 13. Nxd4 Bc5 14. c3 Qb6 {[#] aiming for ...Bxd4.} 15. a4 {[%cal Ba2a4,Ba4a5][%mdl 32]} a6 16. a5 Qd6 17. Be2 Re8 18. Bg5 Bd7 19. Bh4 Ne4 20. Bf3 Qh6 21. Bg3 {[#] Threatens to win with Bxe4.} Ba7 22. Qb3 (22. Qd3 {keeps more tension.} Qg6 23. Rad1 Ba4 24. Rc1 Bd7 25. Bf4) 22... Bxd4 23. cxd4 Qc6 24. Bxe4 Rxe4 25. Rxe4 dxe4 26. d5 Qb5 27. Qxb5 Bxb5 $11 {[%mdl 4096] Endgame KRB-KRB} 28. Rc1 Rd8 29. Rc7 f6 30. d6 Rd7 31. f3 e3 32. Bf4 e2 {[%cal Re2e1]} 33. Kf2 g5 34. Bg3 Kf7 35. Rxd7+ Bxd7 36. Kxe2 {KB-KB} Ke6 37. h4 gxh4 38. Bxh4 {White is slightly better.} Kxd6 39. Bxf6 Ke6 40. Bc3 h5 41. Kf2 {Accuracy: White = 68%, Black = 70%.} 1/2-1/2

[Event "RUS-chT Premier 2019"]
[Site "Sochi"]
[Date "2019.05.08"]
[Round "7.10"]
[White "Grachev, Boris"]
[Black "Faizrakhmanov, Ramil"]
[Result "1-0"]
[WhiteElo "2615"]
[BlackElo "2438"]
[Annotator "TA"]
[PlyCount "55"]
[EventDate "2019.04.30"]
[EventType "team-tourn"]
[EventCountry "RUS"]
[SourceTitle "playchess.com"]
[Source "ChessBase"]
[SourceQuality "1"]

{[%evp 11,55,29,26,13,29,29,56,39,44,44,51,37,33,14,42,42,41,43,35,43,45,43,49,28,74,58,176,170,179,133,223,205,542,538,648,654,644,653,647,640,616,606,29993,29994,29997,29998]} 1. Nf3 Nf6 2. c4 e6 3. Nc3 Bb4 4. Qc2 c5 5. a3 Ba5 6. e3 O-O 7. Be2 {A17: English Opening: 1...Nf6 with ...Bb4} Nc6 8. O-O e5 9. d4 {White is slightly better.} (9. b3 Re8 10. Bb2 d6 11. Rad1 Bg4 12. d3 h6 13. Ne4 Nxe4 14. dxe4 {½-½ (133) Bu,X (2698)-Zhou,J (2635) Shenzhen 2016}) 9... exd4 $146 ({Predecessor:} 9... cxd4 10. exd4 Nxd4 11. Nxd4 exd4 12. Nb5 d5 13. c5 a6 14. Nxd4 Bc7 {0-1 (26) Hebel,E-Wolfrum,R GER email 2009}) 10. exd4 cxd4 11. Nb5 d5 12. c5 Ne4 13. b4 a6 14. Nbxd4 Nxd4 15. Nxd4 Bc7 16. Bb2 Qg5 {[#] And now ...Bh3! would win.} 17. Nf3 Qe7 18. Rad1 $36 {[%mdl 2048] White has the initiative.} Bf5 (18... Be6 $14) 19. Rxd5 $18 Ng3 20. Rxf5 Nxf5 (20... Qxe2 $16 21. Qxe2 Nxe2+ 22. Kh1 Nf4) 21. Bd3 g6 $2 (21... Nh4 {is a better chance.} 22. Bxh7+ Kh8) 22. Re1 ({Weaker is} 22. Bxf5 gxf5 23. Qxf5 Qe6 $18) 22... Qd8 23. Bxf5 gxf5 24. Qxf5 {White threatens Qg4+ and mate.} f6 25. Qg4+ Kh8 26. Ng5 {aiming for Qf5.} Qd2 {[%cal Rd2e1] [#]} 27. Re7 $1 {[%mdl 64] Double Attack} Rae8 28. Nf7+ {Accuracy: White = 90%, Black = 30%.} 1-0

[Event "RUS-chT Premier 2019"]
[Site "Sochi"]
[Date "2019.05.08"]
[Round "7.11"]
[White "Makhmutov, Rail"]
[Black "Popov, Ivan"]
[Result "1/2-1/2"]
[WhiteElo "2390"]
[BlackElo "2600"]
[Annotator "TA"]
[PlyCount "85"]
[EventDate "2019.04.30"]
[EventType "team-tourn"]
[EventCountry "RUS"]
[SourceTitle "playchess.com"]
[Source "ChessBase"]
[SourceQuality "1"]

{[%evp 9,85,17,18,31,14,8,9,6,14,5,7,8,12,0,0,0,0,0,0,0,5,0,0,0,0,-3,0,0,0,0,0,0,0,0,10,11,15,9,13,17,12,10,32,19,14,0,10,0,0,0,2,0,17,0,0,0,0,0,0,0,7,0,0,0,0,0,0,0,0,0,0,0,0,0,0,0,0,-23]} 1. d4 e6 2. c4 b6 3. e4 Bb4+ 4. Bd2 Bxd2+ 5. Qxd2 d5 6. cxd5 {C01: French: Exchange Variation} exd5 7. exd5 (7. e5 Ne7 8. f4 O-O 9. Nf3 c5 10. Nc3 Nbc6 11. dxc5 bxc5 {1-0 (50) Duda,J (2738)-Meier,G (2623) chess.com INT 2019}) 7... Ne7 8. Bb5+ Nd7 9. d6 cxd6 10. Ne2 O-O 11. Bxd7 $146 ({Predecessor:} 11. O-O) 11... Qxd7 12. O-O Bb7 13. Nbc3 Rac8 14. Rfe1 Rc4 15. d5 Rfc8 16. Nf4 Nf5 17. g3 Ba6 18. Re4 Rxe4 19. Nxe4 Qa4 20. Nc3 Qd4 21. Qc2 g6 22. Re1 Bb5 23. Re4 Qf6 24. Qd2 Bd7 25. a4 Kg7 26. Qd3 h5 {The position is equal.} 27. h4 Re8 28. Rxe8 Bxe8 29. Nfe2 Qe5 30. Kg2 Bd7 31. b4 a5 32. b5 Bc8 33. Qc4 Bb7 34. Nf4 Ne7 35. Kf1 Bc8 36. Nd3 Qf6 37. Ne4 Qa1+ 38. Ke2 Bg4+ 39. f3 Bf5 $1 40. Qc3+ Qxc3 41. Nxc3 Bxd3+ 42. Kxd3 f5 43. f4 {Accuracy: White = 66%, Black = 69%.} 1/2-1/2

[Event "RUS-chT Premier 2019"]
[Site "Sochi"]
[Date "2019.05.08"]
[Round "7.12"]
[White "Gordievsky, Dmitry"]
[Black "Toropov, Pavel"]
[Result "1-0"]
[WhiteElo "2585"]
[BlackElo "2327"]
[Annotator "TA"]
[PlyCount "99"]
[EventDate "2019.04.30"]
[EventType "team-tourn"]
[EventCountry "RUS"]
[SourceTitle "playchess.com"]
[Source "ChessBase"]
[SourceQuality "1"]

{[%evp 11,99,37,33,16,41,51,55,54,61,60,62,58,73,62,105,93,102,62,62,55,60,53,81,64,67,76,34,20,20,20,20,20,31,24,37,38,45,37,38,39,47,47,49,49,175,160,176,176,246,243,234,227,261,255,306,270,392,357,493,490,698,691,681,493,497,489,475,455,442,425,585,548,700,635,643,603,919,959,904,888,1052,1011,943,846,1370,1220,29981,29982,29988,29989]} 1. c4 c6 2. Nf3 d5 3. e3 Nf6 4. Nc3 a6 5. d4 b5 6. b3 Bg4 7. a4 {[%cal Ra4b5] D15: Slav Defence: 4 Nc3 a6 and gambit lines after 4 Nc3 dxc4} (7. cxd5 cxd5 8. Bd3 e6 9. a4 b4 10. Ne2 Bxf3 11. gxf3 Be7 12. Bd2 O-O 13. Rc1 Qd7 14. Qc2 Bd6 {1-0 (28) Aronian,L (2805)-Laznicka,V (2647) Riadh 2017}) 7... b4 8. Ne2 Nbd7 9. Ne5 {White is slightly better.} Nxe5 10. dxe5 Bxe2 $1 11. Bxe2 Ne4 12. e6 $146 ({Predecessor:} 12. Bb2 e6 13. O-O Nc3 14. Qd3 dxc4 15. Qxc4 {½-½ (76) Inarkiev,E (2675)-Solak,D (2607) Jerusalem 2015}) 12... Nc3 13. Qd4 $1 {And now Bh5! would win.} Qd6 14. exf7+ Kxf7 15. Bb2 e5 16. Qd2 Rd8 17. cxd5 Nxe2 18. Qxe2 {Strongly threatening dxc6.} Qxd5 19. Rd1 Qxd1+ 20. Qxd1 Rxd1+ 21. Kxd1 $11 {[%mdl 4096] Endgame KRB-KRB} Ke6 22. Ke2 Bd6 23. Rc1 c5 24. Rc4 h5 25. e4 Rd8 26. Bc1 Kd7 27. Bg5 Rf8 {[#]} (27... Re8 $1 $14) 28. Rc2 $1 $18 Rc8 29. Kd3 Be7 {[#]} (29... c4+ {was necessary.} 30. Rxc4 Ra8) 30. Bxe7 $1 Kxe7 {KR-KR} 31. Kc4 Rd8 32. Re2 a5 33. h4 Rd1 (33... Rc8 $142 34. Rb2 g5 35. hxg5 h4) 34. Kxc5 Rg1 35. g3 Rc1+ (35... Rb1 $142 36. Kb6 Rxb3 37. Kxa5 Kd7 38. Rd2+ Kc6) 36. Kb5 Rc3 37. Rb2 Kd6 38. Kb6 Rd3 39. Kxa5 Kc5 40. f4 Rxg3 41. fxe5 g6 42. Rc2+ Rc3 43. e6 Kd6 44. Rd2+ Kxe6 45. Kxb4 Rh3 46. a5 {[%cal Ba4a5,Ba5a6,Ba6a7][%mdl 32]} Rxh4 47. a6 {Hoping for a7.} Rxe4+ 48. Ka5 Re3 49. a7 Rxb3 50. Ra2 {Accuracy: White = 83%, Black = 37%.} 1-0

[Event "RUS-chT Premier 2019"]
[Site "Sochi"]
[Date "2019.05.08"]
[Round "7.13"]
[White "Bocharov, Ivan"]
[Black "Schekachikhin, Maksim"]
[Result "1-0"]
[WhiteElo "2568"]
[BlackElo "2424"]
[Annotator "RC"]
[PlyCount "65"]
[EventDate "2019.04.30"]
[EventType "team-tourn"]
[EventCountry "RUS"]
[SourceTitle "playchess.com"]
[Source "ChessBase"]
[SourceQuality "1"]
[TimeControl "40/5400+30:1800+30"]

1. e4 {[%emt 0:00:00]} c5 {[%emt 0:00:00]} 2. Nf3 {[%emt 0:00:00]} e6 {[%emt 0:00:00]} 3. d4 {[%emt 0:00:00]} cxd4 {[%emt 0:00:08]} 4. Nxd4 {[%emt 0:00:00]} Nc6 {[%emt 0:00:19]} 5. Nc3 {[%emt 0:00:00]} Qc7 {[%emt 0:00:23]} 6. Be3 {[%emt 0:00:00]} a6 {[%emt 0:00:05]} 7. Qf3 {[%emt 0:00:02]} Ne5 {[%emt 0:01:09]} 8. Qg3 {[%emt 0:00:10]} b5 {[%emt 0:00:07]} 9. O-O-O {[%emt 0:00:20]} Nf6 {[%emt 0:00:41]} 10. a3 {[%emt 0:04:19]} h5 {[%emt 0:21:33]} 11. h4 {[%emt 0:03:52]} d6 {[%emt 0:07:59]} 12. Bg5 {[%emt 0:02:43]} Bd7 {[%emt 0:06:53]} 13. f4 {[%emt 0:09:57]} Neg4 {[%emt 0:03:29]} 14. Be2 {[%emt 0:01:16]} Rc8 {[%emt 0:03:17]} 15. Rhe1 {[%emt 0:02:40]} Be7 {[%emt 0:01:57]} 16. Bxg4 {[%emt 0:02:52]} hxg4 {[%emt 0:01:21]} 17. e5 {[%emt 0:00:41]} dxe5 {[%emt 0:05:25]} 18. fxe5 {[%emt 0:00:07]} b4 {[%emt 0:05:27]} 19. axb4 {[%emt 0:01:45]} Bxb4 {[%emt 0:01:37]} 20. Re3 {[%emt 0:08:20]} Nd5 {[%emt 0:25:38]} 21. Nxd5 {[%emt 0:00:22]} exd5 {[%emt 0:00:03]} 22. e6 {[%emt 0:00:23]} Bxe6 {[%emt 0:00:49]} 23. Qxc7 {[%emt 0:00:07]} Rxc7 {[%emt 0:00:05]} 24. Nxe6 {[%emt 0:00:02]} fxe6 {[%emt 0:00:07]} 25. Rxe6+ {[%emt 0:00:02]} Kf7 {[%emt 0:00:38]} 26. Rxa6 {[%emt 0:00:17]} Re8 {[%emt 0:01:25]} 27. c3 {[%emt 0:02:41]} Re2 {[%emt 0:01:47]} 28. Rd2 {[%emt 0:00:16]} Re1+ {[%emt 0:02:36]} 29. Kc2 {[%emt 0:00:10]} Be7 {[%emt 0:00:04]} 30. Rxd5 {[%emt 0:01:55]} Rc5 {[%emt 0:04:00]} 31. Rd7 {[%emt 0:01:34]} Re2+ {[%emt 0:04:01]} 32. Kd3 {[%emt 0:00:31]} Rce5 {[%emt 0:01:28]} 33. Raa7 {[%emt 0:00:10]} 1-0

[Event "RUS-chT Premier 2019"]
[Site "Sochi"]
[Date "2019.05.08"]
[Round "7.14"]
[White "Duzhakov, Ilya"]
[Black "Khanin, Semen"]
[Result "1/2-1/2"]
[WhiteElo "2388"]
[BlackElo "2524"]
[Annotator "TA"]
[PlyCount "126"]
[EventDate "2019.04.30"]
[EventType "team-tourn"]
[EventCountry "RUS"]
[SourceTitle "playchess.com"]
[Source "ChessBase"]
[SourceQuality "1"]

{[%evp 17,126,13,20,10,14,-8,35,33,28,18,11,32,15,11,30,16,53,26,51,50,35,16,57,8,60,56,43,50,43,39,85,95,121,137,150,168,189,193,188,199,257,240,370,15,6,13,15,13,10,14,0,-54,0,0,0,0,0,0,0,0,0,0,0,-36,-35,-35,-29,-29,-49,-51,-29,-30,-30,-39,-30,-75,-80,-186,-154,-259,-255,-249,-235,-2077,-1860,-459,-2046,-1790,-1697,-29959,-6416,-5800,-5704,-5189,-5202,-4395,-4179,-2531,-2066,-3358,-2332,-4606,-1759,-29957,-29957,-29954,-29958,-29973,-29974,-4622,-1461]} 1. Nf3 Nf6 2. g3 g6 3. Bg2 Bg7 4. c4 O-O 5. d4 d5 6. cxd5 Nxd5 7. O-O Nb6 8. Nc3 Nc6 {[%cal Bb8c6,Bc6a5,Ba5c4][%mdl 32]} 9. e3 Re8 10. Nh4 {D76: Fianchetto Grünfeld: Main Line with 7...Nb6} (10. a3 e5 11. d5 Na5 12. Qc2 c6 13. b4 Nac4 14. dxc6 bxc6 15. Rd1 Bf5 16. e4 Bd7 17. Na4 Nxa4 18. Qxc4 {½-½ (50) Le,Q (2737)-Ivanchuk,V (2726) Huaian 2017}) 10... e5 {[%cal Re5d4]} 11. d5 Na5 12. Rb1 {White is slightly better.} Nac4 13. b3 Nd6 14. e4 f5 15. a4 $146 ({Predecessor:} 15. Ba3 fxe4 16. Bxd6 cxd6 17. Nxe4 Bf5 {0-1 (52) Berry,N (2267)-Hunt,A (2416) Newcastle 2018}) 15... a5 16. Ba3 Bd7 17. Re1 Qf6 18. Rc1 f4 19. Qd3 Rac8 20. Rc2 g5 (20... c5 $11) 21. Nf5 $14 Nxf5 22. exf5 Bxf5 23. Ne4 Qg6 24. Qb5 $1 g4 {...f3 is the strong threat.} 25. d6 $1 f3 26. Rxc7 Rxc7 27. dxc7 {And now Nd6 would win.} Bxe4 28. Bf1 Bf5 (28... Bc2 {might work better.}) 29. Rd1 $1 $18 {[%cal Rd1d6]} Qc6 (29... Na8 {was worth a try.}) 30. Rd6 $2 (30. Rd8 $1 $18 {[%cal Rd8e8]} Kf7 31. Bc5) 30... Qxb5 $11 31. Bxb5 Rc8 32. Rxb6 Rxc7 33. Bc4+ Kh8 34. Bd5 (34. h4 $11) 34... Bf8 (34... e4 $15 35. Rxb7 Rxb7 36. Bxb7 Bc3) 35. Bb2 Rc2 36. Bxe5+ Bg7 37. Bxg7+ Kxg7 {[%cal Rc2c1][%mdl 4096] Endgame KRB-KRB} 38. h3 Rc1+ 39. Kh2 Rf1 40. hxg4 Rxf2+ 41. Kh3 Bc8 42. Bxb7 Rf1 {[%cal Rf1h1]} 43. Kh2 $1 Bxg4 {White must now prevent ...Rf2+.} 44. Ba6 Rf2+ 45. Kh1 $1 h5 46. Rb5 Re2 {Hoping for ...f2.} 47. Rb7+ (47. Rxa5 $17 {only move.} Kf6 48. Rc5) 47... Kf6 $19 {Strongly threatening ...f2!} 48. Bc4 {[#]} (48. Rb8 $17) 48... Rc2 $1 49. Rf7+ {[#]} Ke5 $1 50. Ra7 $2 (50. Kg1) 50... Ke4 51. Re7+ Kd4 52. Re8 Bh3 53. Re1 Rxc4 {KRB-KR} (53... f2 $142 54. Rd1+ Ke3 55. Rb1 Kf3 56. Rd1 Bg4 57. Bd5+ Ke2 58. Rg1 Bf3+ 59. Bxf3+ Kxf3 60. Rd1 Re2 61. Rd3+ Re3 62. Rxe3+ Kxe3 63. Kg2 Ke2 64. g4 f1=Q+ 65. Kg3 Qf2+ 66. Kh3 h4 67. g5 Qg3#) 54. Rd1+ Kc5 {( -> ...Rc2)} 55. Kh2 Rd4 56. Rc1+ Kb4 57. Kxh3 Kxb3 {KR-KR} 58. Rf1 Kxa4 59. Rxf3 Rd5 (59... Kb4 $142 60. Rf5 a4 61. Rxh5 a3) 60. Rf4+ Kb5 61. Kg2 a4 {[%cal Ba5a4,Ba4a3][%mdl 32]} 62. Kf3 a3 63. Ke4 Rd1 {[%mdl 32768] Accuracy: White = 44%, Black = 59%. . An unexpected result.} (63... Kc4 $142 64. Rf1 Ra5) 1/2-1/2

[Event "RUS-chT Premier 2019"]
[Site "Sochi"]
[Date "2019.05.08"]
[Round "7.15"]
[White "Tsydypov, Zhamsaran"]
[Black "Vlasenko, Miroslav"]
[Result "1-0"]
[WhiteElo "2546"]
[BlackElo "2424"]
[Annotator "TA"]
[PlyCount "111"]
[EventDate "2019.04.30"]
[EventType "team-tourn"]
[EventCountry "RUS"]
[SourceTitle "playchess.com"]
[Source "ChessBase"]
[SourceQuality "1"]

{[%evp 9,111,22,17,25,22,19,19,16,42,-33,-38,-37,-22,-57,-41,-51,-45,-71,-60,-64,-71,-110,-100,-115,-123,-113,-113,-120,-83,-94,-64,-74,-72,-29,-20,-29,-7,-10,-19,-22,-23,-53,0,0,0,0,0,-33,0,0,0,0,0,0,0,-46,-48,-102,-69,-188,-191,-183,-104,-279,-31,-47,0,0,0,-50,-3,-8,0,-8,-12,-185,0,0,0,0,0,0,409,403,402,377,383,372,429,416,386,356,569,568,744,742,724,709,29986,29987,29990,29991,29991,29992]} 1. e4 Nc6 2. d4 d5 3. e5 Bf5 4. c3 e6 5. Nf3 f6 6. Bb5 {B00: Queen's Fianchetto Defence, Nimzowitsch Defence} Nge7 7. O-O a6 8. Ba4 {The position is equal.} Qd7 (8... Ng6 9. exf6 gxf6 10. Re1 Qd7 11. b4 Bg7 12. Nbd2 b5 {1-0 (43) Ismagambetov,A (2547)-Saiyn,Z (2377) Almaty 2018}) 9. h3 $146 (9. Nbd2 $14) ({Predecessor:} 9. Nbd2 b5 10. exf6 bxa4 11. fxe7 Bxe7 12. Qxa4 g5 {½-½ (35) Dreisch,J (2031)-Lagergren,H (1921) ICCF email 2017}) 9... Ng6 $15 10. Re1 b5 11. Bc2 Bxc2 12. Qxc2 fxe5 13. dxe5 Be7 14. a4 b4 $1 15. Nbd2 O-O 16. Nf1 {[#]} Rxf3 $1 {[%mdl 512]} 17. gxf3 Rf8 (17... Ngxe5 $6 18. Qe2 $11) 18. Qe2 Qe8 19. Nh2 Qf7 (19... Ngxe5 $6 20. f4 $11) 20. Kh1 Qf5 (20... Ncxe5 21. f4 $11) 21. Qxa6 Qxh3 22. f4 $1 (22. Qxc6 $2 Nh4 $19) 22... Nxf4 (22... Nh4 $6 23. Qf1 $14) 23. Bxf4 Rxf4 24. Re3 {[#]} Qh6 $1 {[%mdl 512]} 25. Kg1 (25. Qxc6 $2 Rxf2 26. Qe8+ Bf8 $19) 25... Bc5 (25... Nd8 $15) 26. Rf3 $1 $11 Rxf3 $40 {[%mdl 128] Black mounts an attack.} ({Wrong is} 26... Nxe5 $2 27. Rxf4 Qxf4 28. Qxe6+ Kf8 29. Qc8+ Kf7 30. Qxc7+ Be7 31. Kh1 $18) 27. Nxf3 Qf4 28. Qe2 Qg4+ 29. Kf1 Qh3+ 30. Kg1 Ne7 31. Nh2 bxc3 32. bxc3 (32. Rc1 $5 {[%cal Rc1c3]} Qg3+ 33. Kh1 Bxf2 34. Rf1 $17) 32... Qxc3 33. Rb1 Bb6 34. Nf3 (34. Qh5 $15 Ng6 35. Nf3) 34... Ng6 $1 $19 35. Kh2 {[#]} Qc5 ({Don't do} 35... Nf4 36. Qb5 $17) ({Black should play} 35... Qa3 $1 $19 36. a5 Qxa5) 36. Rb5 $2 {[#]} (36. Rb3 $17 {was called for.}) 36... Qc1 $2 ({Don't go for} 36... Qxf2+ $2 37. Qxf2 Bxf2 38. a5 $18) (36... Qf8 $1 $19 {[%cal Rf8f4]} 37. Rb3 Qf4+ 38. Kh3 Qf5+ 39. Kh2 Nf4) 37. Rb4 $1 $15 Qh6+ 38. Kg3 $1 {Black must now prevent Qb5.} Ne7 39. Rg4 (39. a5 $5 Qg6+ 40. Rg4 Nf5+ 41. Kh3 Qh5+ 42. Nh4 $11) 39... Qh1 (39... Qh5 $5 {[%cal Re7f5]} 40. Nd4 Kh8 $15) 40. Rf4 $1 {And now a5! would win.} h6 {...Nf5+ is the strong threat.} 41. Qb5 Qh5 {Hoping for ...Qg6+.} 42. Qd7 $2 (42. Qb4 $1 $11 {and White has nothing to worry.} Ng6 43. Rg4) 42... Nf5+ $2 (42... Qg6+ $19 43. Rg4 Nf5+ 44. Kf4 Qf7 45. Qxf7+ Kxf7) 43. Kg2 $11 Qg6+ 44. Kf1 Kh7 {Threatens to win with ...Ng3+!} 45. Qb5 Ng3+ $2 {[%mdl 8192]} (45... Kg8 $11 46. a5 Bxf2 47. Qb8+ Kh7 48. Rxf5 Qxf5 49. Kxf2 Qc2+ 50. Kg3 Qg6+ 51. Kh2 Qc2+ 52. Kg3 Qg6+ 53. Kh2 Qc2+ 54. Kg3) 46. fxg3 $18 Qxg3 {[%csl Gb6][%cal Rg3f2]} 47. Qd3+ Kg8 {[%csl Gb6][%cal Rg3f2]} 48. Qd2 h5 {[#]} 49. Qh2 $1 Qg6 50. Qe2 Qb1+ (50... Qg3 $142 51. Qh2 Qg6) 51. Kg2 g5 52. Rf6 {Strongly threatening Qd2.} g4 53. Ne1 Qc1 54. Qd3 {White mates.} Kh8 55. Qg6 {[%cal Rf6f8]} Qd2+ {[#]} 56. Kf1 $1 {Accuracy: White = 57%, Black = 49%.} 1-0

[Event "RUS-chT Premier 2019"]
[Site "Sochi"]
[Date "2019.05.08"]
[Round "7.16"]
[White "Lintchevski, Daniil"]
[Black "Bocharov, Dmitry"]
[Result "1/2-1/2"]
[WhiteElo "2525"]
[BlackElo "2530"]
[Annotator "TA"]
[PlyCount "84"]
[EventDate "2019.04.30"]
[EventType "team-tourn"]
[EventCountry "RUS"]
[SourceTitle "playchess.com"]
[Source "ChessBase"]
[SourceQuality "1"]

{[%evp 20,84,16,0,12,0,0,-9,-10,-39,-26,-24,7,7,7,7,17,0,0,0,0,-14,-17,-16,-14,-18,-2,-3,-6,-6,0,-8,8,0,0,0,15,-4,-4,-4,-4,-3,-4,-1,-1,-4,0,0,0,0,0,0,0,0,0,-8,0,0,0,0,0,0,0,0,0,0,0]} 1. e4 c5 2. Nf3 d6 3. d4 cxd4 4. Nxd4 Nf6 5. Nc3 a6 6. g3 e6 7. Bg2 Be7 8. O-O O-O 9. Be3 Qc7 10. a4 Nc6 11. Qe2 Rb8 {B80: Sicilian Scheveningen: 6 g3 and 6 Be3, including English Attack} 12. Rad1 (12. Kh1 Re8 13. f4 Bd7 14. Nb3 Nb4 15. a5 Rbc8 16. Rac1 Qb8 17. Qd2 Rc4 {½-½ (63) Mekhitarian,K (2550)-Salem,A (2617) Abu Dhabi 2016}) 12... Bd7 13. Nb3 Ne5 14. Nd4 $146 ({Predecessor:} 14. Ba7 Rbc8 15. Be3 Nc4 16. Bc1 b5 17. axb5 axb5 18. Nd4 b4 {0-1 (30) Filipovic,S (2263)-Koch,T (2472) Novi Sad 2016}) 14... Nc4 15. Bc1 $1 b5 16. axb5 {The position is equal.} axb5 17. b3 b4 18. Qxc4 Qxc4 19. bxc4 {[#] Hoping for Nb1.} bxc3 20. Rd3 Rfc8 21. Rxc3 Rb4 22. Rd1 Rbxc4 23. Rxc4 Rxc4 24. Bf1 Ra4 25. f3 g6 26. Be3 Ra3 27. Kf2 Rc3 28. Rd2 e5 29. Nb5 Nxe4+ 30. fxe4 Rxe3 $1 31. Nxd6 Rc3 {[#] ...Bg5 is the strong threat.} 32. Nb5 $132 {[%mdl 2048] White is fighting back} Bc5+ 33. Kg2 Bxb5 $1 34. Bxb5 $11 {[%mdl 4096] Endgame KRB-KRB} Kg7 35. Bd3 h5 36. Rd1 Bd4 37. Rb1 Rc7 38. Rf1 Kh6 39. Rf3 Kg5 40. h4+ Kh6 $1 41. Rf1 Kg7 42. Kh3 Rc6 {Accuracy: White = 63%, Black = 48%.} 1/2-1/2